000 00480nam a22001697a 4500
005 20251108164913.0
008 250721s1978 xx 000 0 ara d
082 1 4 _a212/محم
100 1 _aصواف، محمد محمود
245 1 0 _aالقيامة رأى العين /
264 1 _aالقاهره :
_bدار الإعتصام،
_c1978.
300 _a159ص
650 1 7 _aالقرآن الكريم
650 1 7 _aتفسير القرآن
942 _2ddc
_cBK
999 _c17095
_d17095